Oregon, our right and title; (Record no. 51797)

MARC details
000 -LEADER
fixed length control field 01055cam a22002411 4500
001 - CONTROL NUMBER
control field rc 01000382
003 - CONTROL NUMBER IDENTIFIER
control field DLC
005 - DATE AND TIME OF LATEST TRANSACTION
control field 20260227111859.0
007 - PHYSICAL DESCRIPTION FIXED FIELD--GENERAL INFORMATION
fixed length control field cr |||||||||||
008 - FIXED-LENGTH DATA ELEMENTS--GENERAL INFORMATION
fixed length control field 830210s1846 dcub 000 0 eng
010 ## - LIBRARY OF CONGRESS CONTROL NUMBER
LC control number rc 01000382
040 ## - CATALOGING SOURCE
Original cataloging agency DLC
Transcribing agency CarP
Modifying agency DLC
043 ## - GEOGRAPHIC AREA CODE
Geographic area code n-us-or
050 00 - LIBRARY OF CONGRESS CALL NUMBER
Classification number F880
Item number .R65
100 1# - MAIN ENTRY--PERSONAL NAME
Personal name Robertson, Wyndham,
Dates associated with a name 1803-1888.
245 10 - TITLE STATEMENT
Title Oregon, our right and title;
Remainder of title containing an account of the condition of the Oregon Territory, its soil, climate, and geographical position, together with a statement of the claims of Russia, Spain, Great Britain, and the United States; accompanied with a map,
Statement of responsibility, etc. prepared by the author.
260 ## - PUBLICATION, DISTRIBUTION, ETC.
Place of publication, distribution, etc. Washington,
Name of publisher, distributor, etc. Printed by J. & G. S. Gideon,
Date of publication, distribution, etc. 1846.
300 ## - PHYSICAL DESCRIPTION
Extent 2 p.l., 203, xxiv p.
Other physical details front. (fold. map)
Dimensions 23 cm.
530 ## - ADDITIONAL PHYSICAL FORM AVAILABLE NOTE
Additional physical form available note Also available in digital form on the Library of Congress Web site.
651 #0 - SUBJECT ADDED ENTRY--GEOGRAPHIC NAME
Geographic name Northwest boundary of the United States.
651 #0 - SUBJECT ADDED ENTRY--GEOGRAPHIC NAME
Geographic name Oregon
General subdivision Description and travel.
856 41 - ELECTRONIC LOCATION AND ACCESS
Path mtfgc
Electronic name 2122
Electronic format type o
Uniform Resource Identifier <a href="http://hdl.loc.gov/loc.gdc/mtfgc.2122">http://hdl.loc.gov/loc.gdc/mtfgc.2122</a>

No items available.

Powered by Koha